Перспективы применения водно-глицериновых растворов для электроимпульсного бурения; Материалы региональной конференции геологов Сибири, Дальнего Востока и Северо-Востока России; Т. 1 : Региональная геология. Геология нефти и газа. Гидрогеология и инженерная геология. Нормативно-правовое регулирование природоресурсных отношений. Геологическое и горное образование. Технология и техника геологоразведочных работ, горное дело

গ্রন্থ-পঞ্জীর বিবরন
Parent link:Материалы региональной конференции геологов Сибири, Дальнего Востока и Северо-Востока России/ гл. ред. А. В. Комаров.— : [Б. и.], 2000
Т. 1 : Региональная геология. Геология нефти и газа. Гидрогеология и инженерная геология. Нормативно-правовое регулирование природоресурсных отношений. Геологическое и горное образование. Технология и техника геологоразведочных работ, горное дело.— 2000.— С. 453
প্রধান লেখক: Баранов А. Н.
অন্যান্য লেখক: Важов В. Ф. Владислав Фёдорович
ভাষা:রুশ
প্রকাশিত: 2000
বিষয়গুলি:
বিন্যাস: গ্রন্থের অধ্যায়
KOHA link:https://koha.lib.tpu.ru/cgi-bin/koha/opac-detail.pl?biblionumber=225429

MARC

LEADER 00000naa2a2200000 4500
001 225429
005 20231031200952.0
035 |a (RuTPU)RU\TPU\book\245775 
035 |a RU\TPU\book\245767 
090 |a 225429 
100 |a 20121112d2000 k y0rusy50 ca 
101 0 |a rus 
102 |a RU 
200 1 |a Перспективы применения водно-глицериновых растворов для электроимпульсного бурения  |f А. Н. Баранов, В. Ф. Важов 
320 |a Библиогр.: с. 453 (1 назв.) 
461 0 |0 (RuTPU)RU\TPU\book\192715  |t Материалы региональной конференции геологов Сибири, Дальнего Востока и Северо-Востока России  |f гл. ред. А. В. Комаров  |n [Б. и.]  |d 2000 
463 0 |0 (RuTPU)RU\TPU\book\23225  |t Т. 1 : Региональная геология. Геология нефти и газа. Гидрогеология и инженерная геология. Нормативно-правовое регулирование природоресурсных отношений. Геологическое и горное образование. Технология и техника геологоразведочных работ, горное дело  |v С. 453  |d 2000  |p 511 с. 
610 1 |a труды учёных ТПУ 
700 1 |a Баранов  |b А. Н. 
701 1 |a Важов  |b В. Ф.  |c специалист в области энергетики  |c доцент Томского политехнического университета, кандидат технических наук  |f 1939-  |g Владислав Фёдорович  |2 stltpush  |3 (RuTPU)RU\TPU\pers\26506  |4 070 
801 1 |a RU  |b 63413507  |c 20121109 
801 2 |a RU  |b 63413507  |c 20121112  |g RCR 
942 |c BK